"1914"; (Record no. 552191)
[ view plain ]
| 000 -LEADER | |
|---|---|
| fixed length control field | 00349cam a22001092 4500 |
| 100 1# - MAIN ENTRY--PERSONAL NAME | |
| Personal name | French, John Denton Pinkstone, |
| 9 (RLIN) | 49407 |
| 245 10 - TITLE STATEMENT | |
| Title | "1914"; |
| Remainder of title | Memoaritĕ na Feldmarshal French ... |
| Statement of responsibility, etc. | prĕvel ot originala D. Mamarchev. |
| 260 ## - PUBLICATION, DISTRIBUTION, ETC. | |
| Place of publication, distribution, etc. | Sofii͡a︡, |
| Date of publication, distribution, etc. | 1919. |
| 300 ## - PHYSICAL DESCRIPTION | |
| Extent | 220 p. |
| Dimensions | 24 cm. |
| 526 ## - STUDY PROGRAM INFORMATION NOTE | |
| Program name | 0 |
| Interest level | 0 |
| Reading level | 0 |
| Title point value | 940_400000000000000_FRE |
| 942 ## - ADDED ENTRY ELEMENTS (KOHA) | |
| Source of classification or shelving scheme | |
| Koha item type | Book |
| Withdrawn status | Lost status | Source of classification or shelving scheme | Damaged status | Not for loan | Permanent Location | Current Location | Shelving location | Date acquired | Total Checkouts | Full call number | Barcode | Date last seen | Price effective from | Koha item type |
|---|---|---|---|---|---|---|---|---|---|---|---|---|---|---|
| Military College of Engineering (MCE) | Military College of Engineering (MCE) | 01/09/2015 | 940.4 FRE | MCE-ECN/25 | 01/09/2015 | 01/09/2015 | Book |
